000 00367nam a2200133Ia 4500
005 20251222144856.0
008 251222s9999||||xx |||||||||||||| ||spa||
020 _a968-368254-5
082 _a020.7/V66/T.1
100 _aVillanueva Bazán, Gustavo
245 0 _aTeoría y Práctica Archivística
264 _bUniversidad Nacional Autónoma de México
942 _cLIB
999 _c21786
_d21786